10 Años de atropellos a los derechos humanos en Chile : (Record no. 37)
[ view plain ]
| 000 -CABECERA | |
|---|---|
| campo de control de longitud fija | 00521nam a2200169 a 4500 |
| 005 - FECHA Y HORA DE LA ÚLTIMA TRANSACCIÓN | |
| campo de control | 20210223120405.0 |
| 008 - ELEMENTOS DE LONGITUD FIJA--INFORMACIÓN GENERAL | |
| campo de control de longitud fija | 991125s1980 mx 000 0 spa u |
| 035 ## - NÚMERO DE CONTROL DEL SISTEMA | |
| Número de control de sistema | UPN01000000037 |
| 049 ## - COLECCIÓN | |
| Colección | CG |
| 050 #4 - SIGNATURA TOPOGRÁFICA DE LA BIBLIOTECA DEL CONGRESO | |
| Número de clasificación | JC605 CH5 |
| Número de documento/Ítem | B7.3 |
| 100 1# - ASIENTO PRINCIPAL--NOMBRE PERSONAL | |
| Nombre de persona | Brown, C. G. |
| 245 10 - MENCIÓN DE TÍTULO | |
| Título | 10 Años de atropellos a los derechos humanos en Chile : |
| Resto del título | informe del Americas Watch Committee / |
| Mención de responsabilidad, etc. | C. G. Brown. |
| 260 ## - PUBLICACIÓN, DISTRIBUCIÓN, ETC. | |
| Lugar de publicación, distribución, etc. | México : |
| Nombre del editor, distribuidor, etc. | SEP : |
| -- | Casa de Chile, |
| Fecha de publicación, distribución, etc. | [198-]. |
| 300 ## - DESCRIPCIÓN FÍSICA | |
| Extensión | 104 p. |
| 650 #4 - ASIENTO SECUNDARIO DE MATERIA - TERMINO TEMATICO | |
| Término de materia o nombre geográfico como elemento de entrada | DERECHOS CIVILES - |
| Subdivisión geográfica | CHILE |
| 9 (RLIN) | 14555 |
| 905 ## - TIPO DE MATERIAL | |
| Tipo de material | Libro |
| Estado de retiro | Estado de pérdida | Fuente del sistema de clasificación o colocación | Estado dañado | No para préstamo | Código de colección | Localización permanente | Ubicación/localización actual | Ubicación en estantería | Fecha de adquisición | Total de préstamos | Renovaciones totales | Clasificación | Código de barras | Fecha visto por última vez | Fecha del último préstamo | Número de copia | Tipo de ítem Koha |
|---|---|---|---|---|---|---|---|---|---|---|---|---|---|---|---|---|---|
| Library of Congress Classification | Colección General | Bib. Gregorio Torres Quintero | Bib. Gregorio Torres Quintero | Planta baja | 06/04/2022 | 3 | 1 | JC605 CH5 B7.3 | 111344 | 26/04/2022 | 06/04/2022 | 1 | Libro | ||||
| Library of Congress Classification | Colección General | Bib. Gregorio Torres Quintero | Bib. Gregorio Torres Quintero | Planta baja | 4 | JC605 CH5 B7.3 | 157742 | 31/12/2020 | 1 | Libro |
